[Event "MYA-ch 42nd"]
[Site "Yangon"]
[Date "2016.06.29"]
[Round "?"]
[White "Htay, Min Lwin"]
[Black "Saw, Win Aung"]
[Result "1/2-1/2"]
[WhiteElo "2174"]
[BlackElo "2184"]
[PlyCount "104"]
[EventDate "2016.06.20"]
[EventType "tourn"]
[EventRounds "15"]
[EventCountry "MYA"]
[SourceTitle "EXT 2018"]
[Source "ChessBase"]
[SourceDate "2017.10.13"]
[SourceVersion "1"]
[SourceVersionDate "2017.10.13"]
[SourceQuality "1"]

1. d4 f5 2. g3 Nf6 3. Bg2 e6 4. Nh3 Bb4+ 5. c3 Ba5 6. Nd2 0-0 7. Nc4 Bb6 8. a4 d5 9. Nxb6 axb6 10. 0-0 c6 11. Nf4 Re8 12. Nd3 Nbd7 13. Bf4 Nf8 14. Be5 Ng6 15. e3 Qe7 16. Bxf6 Qxf6 17. f4 Bd7 18. Qb3 Qd8 19. h4 Qc7 20. h5 Ne7 21. Ne5 Ra6 22. Bf3 Rea8 23. Be2 b5 24. Qb4 Be8 25. b3 b6 26. Qa3 Ra5 27. Rfc1 bxa4 28. b4 R5a7 29. c4 Qb7 30. b5 dxc4 31. Qd6 cxb5 32. Qxe6+ Kh8 33. Bf3 Qc8 34. Qxb6 Ra6 35. Qb7 Qxb7 36. Bxb7 R6a7 37. Bxa8 Rxa8 38. g4 g6 39. hxg6 hxg6 40. gxf5 gxf5 41. Kf2 Kg7 42. Ke2 Kf6 43. Rh1 Ke6 44. Rh6+ Kd5 45. Rh7 Nc8 46. Rc7 a3 47. Rc5+ Ke6 48. Rh1 a2 49. Rh6+ Ke7 50. Rh7+ Ke6 51. Rh6+ Ke7 52. Rh7+ Ke6 1/2-1/2

[Event "MYA-ch 42nd"]
[Site "Yangon"]
[Date "2016.06.23"]
[Round "?"]
[White "Phyo, Chit"]
[Black "Saw, Win Aung"]
[Result "1/2-1/2"]
[WhiteElo "2300"]
[BlackElo "2184"]
[PlyCount "141"]
[EventDate "2016.06.20"]
[EventType "tourn"]
[EventRounds "15"]
[EventCountry "MYA"]
[SourceTitle "EXT 2018"]
[Source "ChessBase"]
[SourceDate "2017.10.13"]
[SourceVersion "1"]
[SourceVersionDate "2017.10.13"]
[SourceQuality "1"]

1. e4 d5 2. exd5 Qxd5 3. c4 Qa5 4. Nc3 c6 5. d4 Nf6 6. Bd3 Bg4 7. Nge2 e6 8. 0-0 Be7 9. Qc2 Bh5 10. Re1 Bg6 11. Nf4 Na6 12. a3 Rd8 13. Be3 Bd6 14. d5 Bxf4 15. Bxf4 Bxd3 16. Qxd3 cxd5 17. b4 dxc4 18. Qxc4 Qf5 19. Qb5+ Qxb5 20. Nxb5 0-0 21. Nxa7 Rd3 22. Rec1 Nd5 23. Bd6 Nc3 24. Bxf8 Ne2+ 25. Kf1 Nxc1 26. Rxc1 Kxf8 27. b5 Rxa3 28. bxa6 bxa6 29. Rc7 g6 30. Nc6 Rc3 31. Rc8+ Kg7 32. Ne7 Rxc8 33. Nxc8 Kf6 34. Ke2 g5 35. Kd3 Ke5 36. Nb6 h5 37. Kc3 h4 38. Nd7+ Kf4 39. Nc5 a5 40. Kd4 g4 41. Nd3+ Kf5 42. Nb2 f6 43. g3 e5+ 44. Kd5 h3 45. Na4 Kg5 46. Ke4 Kg6 47. Nc5 Kg5 48. Kd5 Kf5 49. Kc4 a4 50. Kb5 e4 51. Kc4 a3 52. Kd4 a2 53. Nb3 Ke6 54. Kxe4 Kd6 55. Kd4 f5 56. Na1 Ke6 57. Nc2 Kd6 58. Kc3 Ke5 59. Kb2 Ke4 60. Ne1 Kd4 61. Kxa2 Kc3 62. Kb1 Kd2 63. Nc2 Ke2 64. Nd4+ Kxf2 65. Nxf5 Kg2 66. Ne3+ Kxh2 67. Nxg4+ Kxg3 68. Ne3 Kf3 69. Nf1 Kg2 70. Ne3+ Kg1 71. Ng4 1/2-1/2

[Event "MYA-ch 42nd"]
[Site "Yangon"]
[Date "2016.06.20"]
[Round "?"]
[White "Than, Min Hlaing"]
[Black "Saw, Win Aung"]
[Result "1-0"]
[WhiteElo "2115"]
[BlackElo "2184"]
[PlyCount "109"]
[EventDate "2016.06.20"]
[EventType "tourn"]
[EventRounds "15"]
[EventCountry "MYA"]
[SourceTitle "EXT 2018"]
[Source "ChessBase"]
[SourceDate "2017.10.13"]
[SourceVersion "1"]
[SourceVersionDate "2017.10.13"]
[SourceQuality "1"]

1. d4 f5 2. c4 e6 3. g3 Nf6 4. Bg2 d5 5. Nh3 c6 6. 0-0 Bd6 7. Bf4 0-0 8. Bxd6 Qxd6 9. Nd2 Qb4 10. Qc2 Nbd7 11. Nf4 Qe7 12. Nd3 Ne4 13. Nf3 Ng5 14. Nxg5 Qxg5 15. b4 Nb6 16. Ne5 dxc4 17. a4 f4 18. a5 Nd7 19. Nxc4 a6 20. Rab1 Nf6 21. Ne5 fxg3 22. hxg3 Ng4 23. Nxg4 Qxg4 24. Be4 h6 25. Kg2 Bd7 26. f3 Qg5 27. f4 Qf6 28. e3 Be8 29. Rh1 Rd8 30. Rbf1 h5 31. Qe2 g6 32. g4 Rd7 33. Rf3 Rg7 34. Rg3 Rff7 35. g5 Qe7 36. Qc4 Qd6 37. Rb1 Kh7 38. Rh3 Kg8 39. Rhh1 Re7 40. Qd3 Bf7 41. Rhc1 Qd7 42. Rc5 Re8 43. Re5 Qd8 44. Qc4 Qd6 45. Kf3 Qd7 46. Qc5 Rf8 47. Qb6 Be8 48. Bd3 Re7 49. Rc1 Bf7 50. Be4 Qe8 51. b5 axb5 52. a6 bxa6 53. Qxa6 Qb8 54. Rxc6 Rc7 55. Rcxe6 1-0